| 000 | 01186nam a22003377a 4500 | ||
|---|---|---|---|
| 003 | CHAP | ||
| 005 | 20220329135927.0 | ||
| 008 | 971013s1986 r 00010 d | ||
| 010 | _a44231 | ||
| 011 | _a45203 | ||
| 035 | _a49342 | ||
| 040 | _cCHAP | ||
| 090 | _aTesis | ||
| 100 | 0 | 0 |
_aTapia García, María Judit. _9111629 |
| 245 | _aCaracterización y purificación del virus moteado clorótico del maíz en México | ||
| 260 |
_aChapingo, Méx. : _bEl autor, _c1986 |
||
| 300 |
_a56 h. _b: ilus. ; gráfs. |
||
| 502 | _aTesis (M. en C. Esp. en Fitopatología) -- CP. Centro de Fitopatología | ||
| 590 |
_aALEPH _b10 _c20130110 _lUCH01 _h1313 |
||
| 590 |
_aBATCH-UPD _b10 _c20130110 _lUCH01 _h2210 |
||
| 590 |
_aBATCH-UPD _b10 _c20130410 _lUCH01 _h1513 |
||
| 590 |
_aBATCH-UPD _b10 _c20130914 _lUCH01 _h1751 |
||
| 590 |
_aCONVERSION _b10 _c20130109 _lUCH01 _h1324 |
||
| 650 | 1 | 4 |
_aMaíz _xEnfermedades por virus. _970943 |
| 650 | 1 | 4 |
_aVirus moteado clorótico del maíz. _9119971 |
| 901 | _aBK | ||
| 942 | _cFOLL | ||
| 949 |
_bBC _cTES _d-111351 _eTS1 _h18187 _i49342 _si |
||
| 949 |
_bBC _cTES _d-111352 _eTS2 _fc.2 _h18188 _i49342 _si |
||
| 949 |
_bBC _cTES _d-111353 _eTS2 _fc.3 _h18300 _i49342 _si |
||
| 999 |
_c44231 _d44231 |
||